| 000 | 00804cab a2200205 4500 | ||
|---|---|---|---|
| 001 | WB2834-02 | ||
| 008 | 090401t1992 xxu||||| |||| 00| 0 eng d | ||
| 035 | _a(Sirsi) u367 | ||
| 041 | _aeng | ||
| 245 | _aClaims blame pinned on clients | ||
| 260 | _c1992 | ||
| 350 | _a0 | ||
| 490 |
_aNew Civil Engineer _v(1009) 3 September 1992, 9(1) |
||
| 520 | _aAn ICE consultation document, "Site investigation in construction", suggests that a greater regard for site investigations by clients would reduce the number of contract claims, as would preparatory consultation with a geotechnical advisor and the careful selection of suitable professionals. | ||
| 650 | _aGEOTECHNOLOGY | ||
| 650 | _aSITE INVESTIGATION | ||
| 690 | _aBUILT ENVIRONMENT-BUILDING CONTRACT FORMS | ||
| 942 | _n0 | ||
| 948 | _c04/03/1997 | ||
| 999 |
_c140 _d140 |
||